| 000 | 01015nam a2200253Ia 4500 | ||
|---|---|---|---|
| 008 | 130821s2012 stkao gr eng | ||
| 020 | _a9780702034251 | ||
| 040 |
_aCo-BoUCM _bspa |
||
| 041 | 0 | 0 | _aeng |
| 060 | _aWE 500 | ||
| 245 | 0 | 0 |
_aFascia the tensional network of the human body the science and clinical applications in manual and movement therapy _ceditores Robert Schleip, Thomas W Findley, Leon Chaitow y Peter A Huijing |
| 260 |
_aEdimburgo (Escocia) _bElsevier _c2012 |
||
| 300 |
_axviii, 535 páginas _bilustraciones, fotografías a color |
||
| 504 | _aIncluye glosario, referencias bibliografícas e índice. | ||
| 650 | 0 | 4 |
_aCinesiología _910864 |
| 650 | 0 | 4 |
_aFascia _915594 |
| 650 | 0 | 4 |
_aMovimiento humano _919823 |
| 650 | 0 | 4 |
_aOrtopedia _926544 |
| 700 | 1 |
_aChaitow, Leon _eeditor. _951641 |
|
| 700 | 1 |
_aFindley, Thomas W. _eeditor. _9160024 |
|
| 700 | 1 |
_aHuijing, Peter A. _eeditor. _9160025 |
|
| 700 | 1 |
_aSchleip, Robert _eeditor. _9160026 |
|
| 942 |
_cLIBRO _a15 _e1 _mF248 _2NLM _hWE 500 _n0 |
||
| 999 |
_c39291 _d39291 |
||